Z Uznesenia Valného zhromaždenia ASL SR

Podrobná bibliografia
Médium: Článok
Jazyk:slovenčina
Predmet:

MARC

LEADER 00000nab a2200000 a 4500
001 vtls000697633
003 SK-MaSNL
005 20260302181510.0
008 140303c1999 xo 0 slo
015 |a SNBRB1999/06-15662 
035 |a CLN000049800 
040 |a SNKBUCL  |b slo  |c SNKBUCL  |e AACR2 
041 0 |a slo 
044 |a xo  |c SK 
080 |a 614.258(437.6)  |2 1997 
245 0 0 |a Z Uznesenia Valného zhromaždenia ASL SR 
610 7 |a Asociácia súkromných lekárov Slovenskej republiky  |b Valné zhromaždenie  |d 1999  |2 snkbucl  |9 892169 
655 7 |a články z novín a časopisov  |2 snkbucl  |9 267496 
773 0 |t Zdravotnícke noviny  |g Roč. 4, č. 21 (1999), s. 5 
850 |a Slovenská národná knižnica v Martine 
852 |a SNK  |b KIS3GCP 
958 |a SK 
992 |a RBX 
999 |c 1414451  |d 1416381